Choses "glacées" - Statistiques

Statistiques générales
  • Ce quiz a été pris 3 827 fois
    3 779 depuis la dernière actualisation
  • Le résultat moyen est 8 sur 17
Statistiques - réponses
Indice Réponse % Correct
Sport le plus populaire au Canada Hockey sur glace
98%
Film avec Scrat l'écureuil L'Âge de Glace
90%
Boisson le plus souvent: pêche ou citron Thé glacé
82%
Navire qui peut creuser son chemin Brise-glace
65%
Coffre isotherme qui permet de conserver froid Glacière
60%
Mec baraqué Armoire à glace
59%
Nettoie le pare-brise de la voiture ;) Essuie-glace
59%
"Dénouer une situation tendue" Briser la glace
54%
Glace "broyée" qui remplit les bacs de poissons Glace pilée
47%
En pâtisserie il peut être utilisé pour réaliser un glaçage Sucre glace
43%
Ustensile pour briser les blocs de glace Pic à glace
33%
Se mange comme rafraîchissement, sans crème et sur un bâtonnet Glace à l'eau
26%
À appliquer sur le corps pour soulager la douleur Vessie à glace
26%
Magazine BD décomplexé co-fondé par Gotlib Fluide Glacial
25%
"Être figé d'indifférence" Rester de glace
22%
Équivalent de glaçon au Québec (think in English) Cube de glace
18%
Personnage de la série d'animation Adventure Time Roi des glaces
7%
Aucun quiz correspondant
Distribution des résultats
% des personnes avec chaque résultat
Percentile par nombre de réponses
Votre historique - résultats
Vous n’avez pas pris ce quiz depuis la dernière actualisation